|
|
|
|
| LEADER |
00796nam a2200229Ia 4500 |
| 001 |
TDMU_30949 |
| 008 |
210410s9999 xx 000 0 und d |
| 082 |
|
|
|a 306
|
| 090 |
|
|
|b G100
|
| 100 |
|
|
|a Gabaldon, Diana
|
| 245 |
|
0 |
|a Chuồn chuồn hổ phách
|
| 245 |
|
0 |
|b Outlander :Tiểu thuyết
|
| 245 |
|
0 |
|c Diana Gabaldon; Diệu Hằng (dịch)
|
| 245 |
|
0 |
|n Tập I
|
| 260 |
|
|
|a H.
|
| 260 |
|
|
|b Thanh niên; Công ty Văn hóa Đinh Tị
|
| 260 |
|
|
|c 2017
|
| 300 |
|
|
|a 615tr.
|
| 650 |
|
|
|a Văn học hiện đại
|v Tiểu thuyết
|z Mỹ; Văn học Mỹ
|v Tiểu thuyết
|
| 700 |
|
|
|a Diệu Hằng
|
| 856 |
|
|
|u http://lrc.tdmu.edu.vn/opac/search/detail.asp?aID=2&ID=30949
|
| 980 |
|
|
|a Trung tâm Học liệu Trường Đại học Thủ Dầu Một
|